La reina de Saba (Record no. 169215)

MARC details
000 -LEADER
campo de control de longitud fija 00909nam a22002655i 4500
001 - NÚMERO DE CONTROL
campo de control 169215
003 - IDENTIFICADOR DE NÚMERO DE CONTROL
campo de control ES-MaACL
005 - FECHA Y HORA DE LA ÚLTIMA TRANSACCIÓN
campo de control 20260623174046.0
008 - DATOS DE LONGITUD FIJA--INFORMACIÓN GENERAL
campo de control de longitud fija 080822s2007 sp |||| | spa d
020 ## - NÚMERO INTERNACIONAL ESTÁNDAR DEL LIBRO
Número Internacional Estándar del Libro 978-84-8307-777-1
080 ## - NÚMERO DE LA CLASIFICACIÓN DECIMAL UNIVERSAL
Número de la Clasificación Decimal Universal 913(533/534)
100 1# - ENTRADA PRINCIPAL--NOMBRE DE PERSONA
Nombre de persona Malraux, André,
Fechas asociadas al nombre 1901-1976
9 (RLIN) 75859
245 13 - MENCIÓN DEL TÍTULO
Título La reina de Saba
Resto del título : una "aventura geográfica" /
Mención de responsabilidad, etc. André Malraux ; edición de Philippe Delpuech ; prefacio de Jean Grosjean ; traducción de Guillermo Niño de Guzmán.
250 ## - MENCION DE EDICION
Mención de edición 1ª ed.
260 ## - PUBLICACIÓN, DISTRIBUCIÓN, ETC.
Lugar de publicación, distribución, etc. Barcelona :
Nombre del editor, distribuidor, etc. Península,
Fecha de publicación, distribución, etc. 2007.
300 ## - DESCRIPCIÓN FÍSICA
Extensión 122 p. :
Otras características físicas il. ;
Dimensiones 21 cm.
490 1# - MENCIÓN DE SERIE
Mención de serie Atalaya ;
Designación de volumen o secuencia 289
651 #4 - PUNTO DE ACCESO ADICIONAL DE MATERIA--NOMBRE GEOGRÁFICO
Nombre geográfico Yemen-
Subdivisión de forma Descripción.
9 (RLIN) 138294
700 1# - ENTRADA AGREGADA--NOMBRE PERSONAL
Nombre de persona Delpuech, Philippe.
9 (RLIN) 138295
700 1# - ENTRADA AGREGADA--NOMBRE PERSONAL
Nombre de persona Grosjean, Jean.
9 (RLIN) 138016
700 1# - ENTRADA AGREGADA--NOMBRE PERSONAL
Nombre de persona Niño de Guzmán, Guillermo.
9 (RLIN) 138297
830 1# - PUNTO DE ACCESO ADICIONAL DE SERIE-TÍTULO UNIFORME
Título uniforme Atalaya ;
Designación de volumen o secuencia 289
9 (RLIN) 180261
852 ## - LOCALIZACIÓN
Ubicación ES-MaACL
Número de control de estantería L-29631
Holdings
Estatus retirado Estado de pérdida Estado de daño No para préstamo Biblioteca de origen Biblioteca actual Ubicación en estantería Fecha de adquisición Fuente de adquisición Total de préstamos Signatura topográfica completa Código de barras Visto por última vez Precio de reemplazo Tipo de ítem Koha
        Biblioteca del Ateneo de Madrid Biblioteca del Ateneo de Madrid Depósito 2 22/08/2008     L-29631 1177659 23/02/2023 23/02/2023 Libro impreso